[Event "Turnier 40 / 120"]
[Site "Wien"]
[Date "2023.08.21"]
[Round "5"]
[White "Novag Star Diamond"]
[Black "Mephisto Lyon 68020"]
[Result "1-0"]
[WhiteElo "2161"]
[BlackElo "2172"]
[Annotator "Christian"]
[PlyCount "192"]
[EventDate "2023.??.??"]

{[%evp 0,192,19,38,89,89,79,48,44,33,72,45,63,45,71,64,69,86,90,83,106,43,50,53,96,85,90,87,96,96,153,118,106,97,98,113,115,116,124,120,109,113,124,107,115,116,125,105,105,102,107,126,120,129,134,126,111,60,106,70,54,40,44,39,49,45,41,40,107,45,34,8,0,0,42,50,60,68,62,53,66,56,85,46,94,8,28,23,25,25,23,21,23,12,25,18,81,23,43,36,77,39,44,7,30,16,37,28,28,11,51,58,79,63,50,57,59,72,68,73,79,56,79,64,68,57,55,32,31,42,35,23,22,14,7,1,67,84,78,13,10,13,1,0,0,0,0,0,0,0,0,0,45,108,108,104,116,108,104,112,168,156,205,200,200,185,188,508,509,509,509,127,507,547,547,547,567,29972,29973,29972,29977,29978,29979,29982,29983,29984,29985,29986,29987,29988,29989,29990,29991,29992,29993]} 1. e4 Nf6 {Runde 5: Aljechin Verteidigung / Eine Partie die einen einfach sprachlos macht, was sich hier ereignet kann nicht in kurzer Form zusammengefasst werden da fast jeder einzelne Zug einen Kommentar leider im negativen Sinn verdient. Es bleibt alles beim Alten und auch diese Runde hat zumindest 2 unbestrittene Paralellen zu den 4 Vorrunden, nämlich einen Sieg von Weiss (Schwarz steht nach wie vor mit 0 Punkten da) und das katastrophale Niveau des Wettkampfes. Nach so einer Leistung hätte das eigentlich keinen Sieger verdient, aber mit dem absoluten Megabock 77. Tg3 ?? verdient sich dann Lyon 68020 noch redlich die Niederlage, wieder einmal vergurkt er ein Endspiel, weiss Gott nicht zum 1x, es bleibt auch dabei, dass das Lang-Programm seinem Gegner hier nicht überlegen ist, genau so wenig wie schon mehrmals gesagt wie gegen Atlanta und Magellan, der Lyon 68020 kocht nur mit lauwarmen Wasser, was das Endspiel betrifft. Stand: 3,0 : 2,0 -- für Novag Star Diamond} 2. e5 Nd5 3. d4 d6 4. Nf3 g6 5. Bc4 c6 6. O-O Bg4 7. exd6 Qxd6 8. h3 Bxf3 9. Qxf3 Bg7 {Buchende} 10. c3 $2 {Buchende / ein schlechter Buchzug von Star Diamond, nach Sc3 !! wäre Weiss lt. Stockfish bereits klar im Vorteil gewesen mit ca. +1,30, nach dem Textzug bleibt davon nicht mehr viel übrig, Stockfish +0,50} O-O {Buchbewertung Mephisto Lyon 68020: -0,42} 11. Re1 {Buchbewertung Novag Star Diamond: +1,07 ? / viel zu optimistisch, hier wäre noch a4 besser gewesen, nach dem Textzug ist Weiss nur noch knapp im Vorteil mit ca. +0,30} Nb6 $2 {ein schlechter Zug, danach ist Weiss wieder klar im Vorteil, Stockfish -1,00, deutlich besser ist Sd7} 12. Bf4 Qf6 13. Nd2 Nxc4 14. Nxc4 e6 $2 {ein schlechter Zug, danach steht Weiss bereits klar besser, Stockfish -1,70, deutlich besser ist entweder Sd7 oder g5 beides mit ca. -1,20} 15. Nd6 g5 16. Bc1 Qxf3 17. gxf3 Rd8 18. Nxb7 Rd5 19. Nc5 Rf5 $2 {ein Verlustzug, danach ist die Partie praktisch schon verloren, Stockfish -2,00, deutlich besser ist Lf8 mit ca. -1,20} 20. Kg2 $2 {ein schwacher Zug, Stockfish +1,30, deutlich besser ist Te4} Bf6 $2 {[%mdl 2] ein Verlustzug, Lyon 68020 verwirft im letzten Moment den richtigen Zug a5 wegen einer Bewertungsdifferenz von -0,03, Stockfish -2,30} 21. Ne4 $2 {aber Verlustzug gilt natürlich nur aus Sicht von Stockfish 16, für Novag Star Diamond ist das natürlich noch nicht erledigt, hier schon ein schlechter Zug, der ca. 0,8 Bauerneinheiten einbüsst, Stockfish +1,50, deutlich stärker ist Tg1} ({Torero 1.0-avx2:} 21. Re4 Be7 22. h4 Bxc5 23. dxc5 Nd7 24. hxg5 Nxc5 25. Rh4 Nd7 26. Be3 a5 27. Rah1 Ne5 28. Rxh7 Ng6 29. f4 c5 30. R7h6 a4 31. Kg3 Rd8 32. c4 Rd3 33. Kg4 Kf8 34. Rc1 Kg7 35. Re1 Rd8 36. Rhh1 Rb8 37. Rb1 Rb4 38. b3 axb3 39. axb3 {[%eval 237,31] [%wdl 1000,0,0]}) 21... Be7 {deutlich besser ist Sd7, Stockfish -2,00} 22. c4 Nd7 23. Bd2 h6 24. Ng3 Rf6 25. Rad1 Rd8 $2 {ein schlechter Zug, besser ist Lf8, Stockfish -2,50} 26. Ba5 Rb8 27. b3 $2 {ein schlechter Zug, der eine ganze Bauerneinheit einbüsst, Stockfish +1,50, deutlich stärker ist d5} Rc8 $2 {gibt die eben gewonnene Bauerneinheit gleich wieder mehr als retour, Stockfish -2,80, nötig war Sf8} 28. Ne4 $2 {beide Geräte durchschauen diese Stellung einfach nicht, ein ganz schlechter Zug, der den Vorteil von Weiss fast halbiert, Stockfish +1,50, wieder war d5 nötig} Rf4 $2 {hier werden ausschliesslich schlechte Züge gemacht, nötig war Tg6, Stockfish -2,30} 29. Rd3 $4 {und es geht weiter in gleicher Art und Weise, es gibt keinen einzigen Zug, den man nicht kommentieren muss, ein völlig sinnloser Zug, der nahezu den gesamten Vorteil verspielt, Stockfish nur noch +0,70, nötig war Ld2} Nf8 $1 {man glaubt's ja nicht, ein richtiger Zug} 30. Kh2 $2 {deutlich besser ist Sg3, nach dem Textzug ist nicht mehr viel übrig vom weissen Vorteil, Stockfish +0,30} Ng6 31. Bd2 Rh4 32. Bc1 Rd8 33. Red1 Kg7 $2 {ein schlechter Zug, danach ist Weiss wieder im Vorteil, Stockfish -1,00, nötig war entweder f6 oder f5, doch man kann ja darauf wetten, dass Star Diamond die richtige Fortsetzung wieder nicht spielt, es ist zum x-ten mal d5 ! und diesen Zug mag er anscheinend nicht, LOL} 34. Nc5 $2 {na war ja klar, verschenkt gleich wieder alles, die Stellung ist wieder im Lot} Rh5 35. a3 Bd6+ 36. Kg2 Nh4+ {hier hätte Lf4 bereits das Remis gesichert, aber auch nach dem Textzug ist die Stellung nahezu gleich} 37. Kf1 Ng6 38. Nb7 Rd7 39. Nxd6 Rxd6 40. Kg2 Rd8 $2 {weniger gut, besser ist Th4, Stockfish -0,50, naja aber ich muss fast schon lachen jetzt, wieder sollte Weiss d5 ! ziehen, kleine Wette gefälligst ?} 41. Kg3 $2 {natürlich wieder nix, war nicht anders zu erwarten, alles wieder im Lot} Rh4 42. Bd2 Kg8 {auch nicht das gelbe vom Ei, der König sollte nach f6} 43. Be3 Ne7 44. Kh2 a6 45. Rg1 Ng6 46. Kg3 Kg7 47. Rgd1 Rd6 48. Kh2 {einfach ratlos} Rd8 49. Kg2 Rh5 $4 {ein ganz schlechter Zug, nötig war Se7 mit Ausgleich, Stockfish -1,50, aber vergesst es gleich wieder, es ist zum gefühlten 100x d5 erforderlich} 50. Kg3 $4 {diese sinnlosen Königszüge sind einfach eine Qual, aber gut ich habe ja nichts anderes erwartet, wie immer wird d5 verpasst} Ne7 51. f4 {sinnlos, danach ist jeder auch nur so minimale Vorteil dahin, Stockfish 0,00, besser ist b4} Nf5+ 52. Kg2 Nh4+ 53. Kf1 Nf5 54. Bd2 Kg8 $2 {ein erschreckendes Niveau, hat wohl versehentlich den Retourgang statt dem "Drive" erwischt, natürlich falsche Richtung , der König muss vor nach g6 und alles ist im Lot, Stockfish -1,20} 55. Ba5 $1 {richtig} Rd7 {aber Vorsicht es kommt schon wieder: Nötig ist zum x-ten Mal d5} 56. d5 $3 {ein WUNDER, das ich das noch erleben darf.} cxd5 57. cxd5 exd5 58. Rxd5 Rxd5 59. Rxd5 gxf4 60. Rd3 $4 {ein grottenschlechter Zug, der wieder jeglichen Vorteil verschenkt, danach ist die Partie Remis, nötig war Ke1 mit ca. +1,50} Ne3+ $1 {richtig, Star Diamond hatte den grottenschlechten Zug Se7 erwartet} 61. fxe3 Rxa5 62. b4 Rf5 63. exf4 Rxf4+ 64. Kg2 Rf6 65. Rd8+ Kg7 66. Rb8 Rc6 67. a4 Rg6+ 68. Kf3 Rd6 69. b5 axb5 70. axb5 Rd3+ 71. Kg4 Rd4+ 72. Kf5 Rh4 73. Ke5 Rxh3 74. b6 Rb3 75. Kd6 Rd3+ 76. Kc6 Rc3+ 77. Kd5 Rg3 $2 {Lyon 68020: 0,00 ?? / ein totales BLACKOUT, anders kann man das nicht mehr nennen, danach ist die Partie sofort verloren, Stockfish -30,00 !!!, warum um Gottes willen nicht Tb3, man klemmt sich doch hinter den Freibauern, oder etwa nicht ? einfach unfassbar !!!} ({Torero 1.0-avx2: 1)} 77... f5 78. b7 Rb3 79. Kc6 Rc3+ 80. Kb6 Rb3+ 81. Kc7 Rc3+ 82. Kd7 {[%eval 0,58] [%wdl 9,983,8]}) ({Torero 1.0-avx2: 2)} 77... h5 78. Re8 Rb3 79. Kc6 Rc3+ {[%eval 0,58] [%wdl 9,983,8]}) ({Torero 1.0-avx2: 3)} 77... Rb3 78. Kc6 Rc3+ 79. Kd6 Rb3 80. b7 h5 81. Kc6 Rc3+ 82. Kb5 Rb3+ 83. Kc6 {[%eval 0,58] [%wdl 9,983,8]}) 78. Rc8 $1 {Novag Star Diamond: +2,42, der richtige Zug} Rb3 {dazu kann man echt nur sagen, warum nicht gleich, jetzt rettet das nichts mehr, Lyon 68020 sieht aber immer noch Remis: Bewertung 0,00} 79. Kc6 f5 {[%emt 0:00:27] Lyon 68020: -1,78, erkennt erst jetzt das Probelm / Stockfish Matt in} 80. b7 h5 81. b8=Q Rxb8 82. Rxb8 Kf6 83. Kd5 Kg5 84. Ke5 Kg4 85. Rg8+ Kf3 86. Kxf5 h4 87. Ra8 h3 88. Ra3+ Kg2 89. Kg4 h2 90. Ra2+ Kg1 91. Kg3 h1=N+ 92. Kf3 Ng3 93. Kxg3 Kf1 94. Rf2+ {[%emt 0:00:06] Novag Star Diamond: Matt in} Ke1 95. Kf3 Kd1 96. Ke3 Kc1 {Lyon 68020: Selbstmatt in 4 -- aufgegeben} 1-0

[Event "Turnier 40 / 120"]
[Site "Wien"]
[Date "2023.08.22"]
[Round "6"]
[White "Mephisto Lyon 68020"]
[Black "Novag Star Diamond"]
[Result "1-0"]
[WhiteElo "2172"]
[BlackElo "2161"]
[Annotator "Christian"]
[PlyCount "155"]
[EventDate "2023.??.??"]

{[%evp 0,113,19,38,25,16,14,14,11,24,-5,5,11,-21,1,-20,-20,-23,-23,-22,-22,-16,-22,-34,-15,-44,-46,-41,-39,-43,-42,-39,-39,-45,-40,-38,-50,-34,-24,-16,25,-27,-18,-40,-15,-16,-7,-6,-12,-38,-10,-11,-10,-27,-13,-22,-7,-12,-2,0,51,0,23,-28,1,-45,10,0,0,0,11,16,11,7,11,7,11,7,11,7,7,7,7,7,7,7,24,19,26,19,29,7,12,7,7,7,7,7,7,19,26,7,16,11,7,7,7,7,17,23,25,0,19,7,7,7]} 1. e4 e5 {Runde 6: Giuocco Pianissimo / Da braucht man nicht viel zu schreiben, es bleibt alles beim Alten, in diesem Wettkampf ändert sich anscheinend gar nichts. 6. Spiel, 6. Sieg für Weiss und es bleibt auch beim unterirdischen Niveau, nichts neues also hier. Wieder alles ausgeglichen. STAND: 3,0 : 3,0} 2. Nf3 Nc6 3. Bc4 Bc5 4. d3 Nf6 5. Nc3 d6 6. Na4 Bb6 7. c3 Be6 {Buchende} 8. Bxe6 {Buchende} fxe6 {Buchbewertung Novag Star Diamond: -0,96 / zu pessimistisch, lt. Stockfish steht Weiss nur knapp besser mit ca. -0,30} 9. O-O {Buchbewertung Mephisto Lyon 68020: +0,57} O-O 10. Bg5 h6 11. Bh4 Qd7 12. Qb3 Nh5 $1 {der beste Zug} 13. Nxb6 axb6 14. Rae1 Nf4 15. Re3 Na5 16. Qc2 Qb5 17. a3 Nc6 18. Ra1 Ra4 19. Bg3 Kh8 $2 {ich weiss nicht, was soll ich tun, Weiss steht etwas besser mit ca. +0,70} 20. c4 $2 {ein schlechter Zug, der eine unnötige Schwäche auf d4 erzeugt, danach ist die Stellung exakt im Lot, Stockfish 0,00, deutlich besser ist h3} Qa5 21. Qb3 Nd4 {weniger gut, besser ist Sg6, Stockfish -0,30} 22. Nxd4 exd4 23. Ree1 e5 24. h3 {weniger gut, besser ist Lxf4, Stockfish -0,50} Kh7 {weniger gut, danach ist die Stellung wieder im Lot, Stockfish 0,00, Schwarz hätte seinen Springer nach e6 ziehen sollen} 25. Bxf4 Rxf4 {ungewöhnlich, alle Leichtfiguren wurden geschlagen, alle Schwerfiguren und auch alle Bauern sind noch im Spiel} 26. Re2 Kh8 $4 {ohne Worte} ({Torero 1.0-avx2:} 26... Qa8 27. g3 Rf6 28. Rf1 g5 29. f4 gxf4 30. gxf4 exf4 31. Qb5 Rg6+ 32. Rg2 Rxg2+ 33. Kxg2 Qg8+ 34. Kh1 Ra5 35. Qd7+ Qg7 36. Qxg7+ Kxg7 37. Rxf4 Rh5 38. Kg2 b5 39. cxb5 Rxb5 40. b4 Rb6 41. Kf3 Ra6 42. e5 dxe5 43. Rf5 c6 44. Ke4 Rxa3 45. b5 Ra5 46. bxc6 bxc6 47. Rxe5 Rxe5+ 48. Kxe5 Kg6 49. Kxd4 {[%eval 0,40] [%wdl 4,992,4]}) 27. f3 Rf6 28. Rf2 Qa6 $2 {ein schlechter Zug, danach steht Weiss klar besser, Stockfish -1,30, nötig war Da8 mit Ausgleich} ({Torero 1.0-avx2:} 28... Qa8 29. Raf1 g5 30. h4 Qe8 31. hxg5 hxg5 32. g3 Kg7 33. Rh2 Ra8 34. Kg2 Qg6 35. g4 Raf8 36. c5 bxc5 37. Qxb7 Qf7 38. Rh5 Rxf3 39. Rxg5+ Kh6 40. Rf5 Rxf1 41. Kxf1 Qg7 42. Qb3 Qg8 43. Qd1 Rxf5+ 44. gxf5 Qg3 45. b3 Kg7 46. Qe2 Kf6 47. a4 Qh3+ 48. Ke1 Qh1+ 49. Qf1 Qh2 50. Qf2 Qh1+ 51. Kd2 Ke7 52. Qe1 Qg2+ 53. Qe2 Qh1 54. Kc2 Qa1 55. Qd1 Qa2+ 56. Kc1 Qa1+ 57. Kd2 Qc3+ 58. Ke2 Qb2+ 59. Ke1 {[%eval 13,41] [%wdl 9,989,2]}) 29. Raf1 g5 $2 {ein Verlustzug zumindest lt. Stockfish ist die Partie damit bereits verloren, anzuraten war immer noch Da8, Stockfish -2,00} 30. Qc2 $2 {aber für Lyon 68020 ist das natürlich nicht so einfach, wie für einen Stockfish, der Textzug verschenkt den Großteil des Vorteiles, Stockfish +0,60} Qa5 $4 {ein Verlustzug, Stockfish -3,30, wieder gewinnt h4, nötig war immer noch Da8} 31. Re2 $4 {verpasst den Gewinn und büsst fast ganze 3 Bauerneinheiten !! ein, Stockfish +0,50} Kg7 $2 {ein schwacher Zug, Stockfish -1,20, immer noch war Da8 angesagt} 32. Rc1 $2 {hier stellt sich die Frage, wie sinnvoll es ist hier die Top-Engine heranzuziehen für Kommentare, der ist natürlich kein einziger Zug eines Oldies recht, der Textzug verschenkt wieder den gesamten Vorteil, Stockfish 0,00, deutlichen Vorteil versprach g3, hier beende ich vorläufig die weitere Kommentierung mit der Generalaussage: Schwerfigurenendspiel noch dazu mit allen Bauern, einfach problematisch für unsere Oldies.} c5 33. Qb3 Qa6 34. Ra1 Rf7 35. Ree1 Rf8 36. Ra2 $2 Kh7 37. Rf1 Rf7 38. Rc1 Rf6 39. Rd1 Kg7 40. Rf1 Rf7 41. Rc1 Qa5 42. Raa1 Kh8 $4 {ohne Worte} 43. Rf1 Kg8 44. Kh1 $4 {ohne Worte} Kg7 45. Rfc1 Rf6 46. Kg1 Qa6 47. Rcb1 Rf8 48. Ra2 {Tja, das ganze wird eine echte Geduldsprobe, das Problem bei der Sache ist, beide Geräte sehen sich minimal im Vorteil und ihr Hauptaugenmerk liegt darauf eine Stellungswiederholung zu vermeiden, so werden alle möglichen Positionen für die Schwerfiguren hinter der geschlossenen Bauernreihe ausprobiert, pfff das kann noch sehr zäh werden, lt. Stockfish liegt die Wahrheit in der Mitte, denn die Stellung ist ausgeglichen, interessant könnte es werden, wenn die Anwendung der 50 Züge Regel droht, aber das wäre erst im 82. Zug der Fall} Qa5 49. Rba1 Rf6 50. Rf1 Kh7 51. Raa1 Qa6 52. Rfe1 Rf8 53. Ra2 Qa5 54. Rea1 Kg7 55. Kf1 Rf6 56. Rd1 Re6 57. Kg1 Re8 58. Kf2 Rf8 59. Ke2 Kf7 60. Raa1 Ke8 $4 {einfach jede Position wird hier durchprobiert auch wenn sie noch so unsinnig ist, von dieser war aber dringend abzuraten, ein Verlustzug, danach ist die Partie bereits verloren, Stockfish -2,20, hier gewinnt wieder einmal h4} 61. Rh1 {gewinnt ebenfalls, gleichwertig mit h4, Stockfish +2,10} h5 $2 {danach ist alles aus, Stockfish -3,80, deutlich mehr Widerstand leistet noch Tf4} 62. Qa2 $2 {Es ist alles aus, ja aber nur lt. Stockfish 16, Lyon 68020 macht nichts draus und verschenkt mit einem Schlag wieder den gesamten Vorteil, die Stellung ist wieder im Lot, gewonnen hätte h4} Qa7 $2 {das ist natürlich völliger Schwachsinn, und verliert die Partie wieder, natürlich muss die Dame nach a8, um in weiterer Folge von d8 aus den Königsflügel abzusichern, Stockfish -2,50} 63. b3 $2 {verpasst neuerlich den Gewinn und ignoriert wieder das nötige h4, zwar bleibt Weiss auch danach noch im Vorteil, aber nur mehr mit ca. +1,00 (büsst ca. 1,5 Bauerneinheiten ein)} Ra5 64. a4 $2 {verschwendet unnötig ein Tempo und gibt Schwarz neuerlich die Gelegenheit, die Dame ins Spiel zu bringen, hier erlangt bereits Da8 Ausgleich, Stockfish 0,00, nötig war immer noch h4} Rg8 {kein ganz schlechter Zug, aber nicht optimal, besser ist wie gesagt Da8, Stockfish -0,50} 65. Qd2 Qb8 $1 {endlich nimmt die Dame wieder am Spiel teil, richtig} 66. h4 Qd8 67. hxg5 {67 Züge !!! hat es gedauert bis der 1. Bauer geschlagen wird} Rxg5 $1 {richtig, sofort verloren hätte der von Lyon 68020 vorgeschlagene Zug Dxg5 ?? mit ca. -3,00 (da wollte er wohl seinen Gegner auf das Glatteis führen, LOL)} 68. g4 Qf6 $2 {ein Verlustzug, Stockfish -3,80 !!, nötig war Kd7 mit Ausgleich} 69. Rag1 $1 {richtig, aber Lyon 68020 ist natürlich kein Stockfish und sieht hier noch keinen klaren Gewinn, Bewertung: +0,39} hxg4 70. Rxg4 Rg6 {besser ist noch Txg4, rettet aber auch nichts mehr, Stockfish -5,00} 71. Rh7 $1 {richtig} Qe6 72. Kf2 Rxg4 73. fxg4 {Lyon 68020 sieht noch keinen klaren Gewinn, Bewertung: +0,63 / Stockfish +6,00} Qxg4 {Novag Star Diamond will die Niederlage auch noch nicht akzeptieren, Bewertung: -0,57} 74. Qh6 $1 {Richtig, Stockfish +7,00, den Rest braucht man hier nicht mehr zu kommentieren, es sei denn Lyon 68020 macht noch einen Megabock, aber auch das hat man ja schon gesehen, LOL} Ra7 75. Qf6 Qf4+ 76. Qxf4 exf4 77. Kf3 Kd8 78. Kxf4 {Schwarz kann hier überhaupt nichts mehr machen, der Turm bleibt ewig aus dem Spiel kann miemals nach a8, da immer das Schach auf h8 kommt und der König ist auf der letzten Reihe eingesperrt, Weiss rückt mit dem König vor und holt d6 ab, hier erspare ich Star Diamond die unvermeidliche Hinrichtung trotz hier noch materiellem Gleichstand / Userentscheid: 1-0} 1-0

[Event "Turnier 40 / 120"]
[Site "Wien"]
[Date "2023.08.23"]
[Round "7"]
[White "Novag Star Diamond"]
[Black "Mephisto Lyon 68020"]
[Result "1-0"]
[WhiteElo "2161"]
[BlackElo "2172"]
[Annotator "Christian"]
[PlyCount "65"]
[EventDate "2023.??.??"]

{[%evp 0,33,38,14,79,67,70,57,48,21,24,32,28,43,40,25,19,46,46,29,9,40,38,38,14,3,18,17,57,36,26,-1,-5,3,7,-20]} 1. e4 c6 {Runde 7: Damengambit, verbesserte Tarrasch Verteidigung / Die fast schon unglaubliche Serie geht weiter, 7. Spiel, 7. Sieg für Weiss, beide Geräte bekommen mit Schwarz absolut nichts auf die Reihe, am Ende gewinnt wahrscheinlich der den Wettkampf, der mit Schwarz ein Remis schafft, LOL Auch diese Partie ist nicht von überragender Qualität, aus Sicht von Star Diamond aber etwas besser als die bisher gezeigten Leistungen, nicht überragend aber sagen wir mal akzeptabel, Lyon 68020 hingegen knüpft nahtlos an das zuvor Gezeigte an mit einer ganz schwachen Vorstellung. STAND: 4,0 : 3,0 ---> für Novag Star Diamond} 2. d4 d5 3. exd5 cxd5 4. c4 Nf6 5. Nc3 e6 6. Nf3 Be7 7. cxd5 Nxd5 8. Bd3 O-O 9. O-O Nc6 10. Re1 Qd6 11. Qc2 {Buchende} h6 {Buchende} 12. Nxd5 {Buchbewertung Novag Star Diamond: +0,19} Qxd5 {Buchbewertung Mephisto Lyon 68020: -0,18, lt. Stockfish steht Weiss knapp besser mit ca. +0,30} 13. Bh7+ Kh8 14. Be4 Nxd4 15. Qxc8 Raxc8 16. Bxd5 Nc2 17. Bxb7 Rc7 18. Be4 Nxa1 19. Bf4 Rc4 20. b3 Rxe4 $4 {[%mdl 2] ein Verlustzug, danach ist die Partie praktisch schon verloren zumindest lt. Stockfish -2,20, nötig war Sxb3 und alles ist im Lot} ({Torero 1.0-avx2:} 20... Nxb3 21. axb3 Rb4 22. g3 Rxb3 23. Kg2 a5 24. Ne5 a4 25. Bc2 Rb4 26. Nc6 Rb2 27. Bxa4 Bc5 28. Be3 Bxe3 29. Rxe3 Ra8 30. Re4 g6 31. Ne5 Kg7 32. Rc4 Re2 33. Nf3 Rb2 34. h3 Rbb8 35. Ne5 Rc8 36. Rb4 Ra5 37. Nc4 Raa8 38. Ne3 Rd8 39. Rf4 Rab8 40. Nf1 Rdc8 41. h4 Rc5 42. Ne3 Ra8 43. Re4 {[%eval 0,44] [%wdl 4,992,4]}) 21. Rxe4 Rd8 {besser ist noch Sc2, Stockfish -2,50} 22. Kf1 $1 {der richtige Zug} Rd1+ $2 {verliert forciert, danach ist bereits alles aus, nach Te1, Txe1, Sxe1 ist der schwarze Springer im Eck eingeschlossen und den Rest kann man sich dann schon schenken, Stockfish -4,40, nötig war immer noch Sc2} 23. Ke2 $2 {klar schwächer als Te1, gewinnt aber immer noch klar, Stockfish +3,30} Rd5 24. Ra4 a5 25. Bd2 Bd8 $2 {das ist völlig falsch, der Bauer ist nicht zu retten, mehr Widerstand leistet noch Lb4, Stockfish -5,00} 26. Rc4 $2 {deutlich schwächer als Td4, aber ausreichend, Stockfish +3,60} Kh7 27. Nd4 Bb6 28. Nc6 h5 29. Rc1 Rc5 $2 {hier ist es natürlich schon egal, der Springer ist ohnehin nicht mehr zu retten, jedoch sollte Schwarz hier weitere Figurentäusche vermeiden, hier sollte er lieber Sxb3 ziehen, nach dem Textzug kann Weiss auch noch die Türme tauschen, was ihm den Gewinn natürlich zusätzlich erleichtert, Stockfish -5,50} 30. Rxc5 Bxc5 31. Kd3 Nxb3 32. axb3 Bxf2 33. Bxa5 {Rest geschenkt} 1-0